Từ điển biểu tượng văn hoá thế giới (Phụ lục)

Na minha lista:
Detalhes bibliográficos
Autor principal: Jean Chevalier
Formato: Livro
Idioma:Undetermined
Publicado em: Đà Nẵng Đà Nẵng 1997
Assuntos:
Tags: Adicionar Tag
Sem tags, seja o primeiro a adicionar uma tag!
Thư viện lưu trữ: Trung tâm Học liệu Trường Đại học Cần Thơ
LEADER 00560nam a2200169Ia 4500
001 CTU_53122
008 210402s9999 xx 000 0 und d
082 |a 306.4 
082 |b C527 
100 |a Jean Chevalier 
245 0 |a Từ điển biểu tượng văn hoá thế giới (Phụ lục) 
245 0 |c Jean Chevalier and Alain Gheerbrant; Phạm Vĩnh Cư dịch 
260 |a Đà Nẵng 
260 |b Đà Nẵng 
260 |c 1997 
650 |a world civilization,symbols 
980 |a Trung tâm Học liệu Trường Đại học Cần Thơ